000 00531nam a2200193Ia 4500
003 GCL
008 140319s9999 xx 000 0 ara d
040 _aGCL /
_cGCL
082 0 4 _a823
_bف ل
100 1 _aفولنكر، وليم
245 1 0 _aاللصوص: رواية /
_cفولنكر، وليم
700 1 _aخالدة سعيد
300 _a351 ص
490 _a
650 0 4 _aالادب
650 0 4 _aالادب الامريكى المترجم
650 0 4 _aالادب العالمى المترجم
942 _2ddc
_cBK
999 _c40757
_d40757